[Event "Gibraltar Masters 13th"]
[Site "Caleta"]
[Date "2015.02.02"]
[Round "7"]
[White "Hoffmann, Hendrik"]
[Black "Othman, Mustapha"]
[Result "1-0"]
[WhiteElo "2206"]
[BlackElo "1968"]
[PlyCount "137"]
[EventDate "2015.01.27"]
[EventType "swiss"]
[EventRounds "10"]
[EventCountry "GGB"]
[SourceTitle "CBM 165"]
[Source "ChessBase"]
[SourceDate "2015.03.11"]
[SourceVersion "1"]
[SourceVersionDate "2015.03.11"]
[SourceQuality "1"]

1. e4 c5 2. c3 d6 3. d4 Nc6 4. Nf3 Bg4 5. d5 Nb8 6. h3 Bxf3 7. Qxf3 Nd7 8. Be2 g6 9. 0-0 Bg7 10. Nd2 Ngf6 11. a4 0-0 12. Qg3 Ne8 13. Nc4 f5 14. exf5 gxf5 15. Bd3 Ne5 16. Bf4 Nxd3 17. Qxd3 Kh8 18. Rfe1 Nf6 19. Re6 Qd7 20. a5 Rf7 21. Rae1 Raf8 22. R1e3 b5 23. axb6 axb6 24. Bg5 Ne4 25. Bh4 b5 26. Na5 c4 27. Qd1 b4 28. cxb4 Bxb2 29. Nxc4 Bf6 30. Bxf6+ Nxf6 31. Na5 Ne4 32. Qd4+ Kg8 33. Nc6 Rg7 34. Qxg7+ Kxg7 35. Rxe7+ Qxe7 36. Nxe7 Kf6 37. Nxf5 Rb8 38. Nxd6 Nxd6 39. Re6+ Kf5 40. Rxd6 Rxb4 41. Rh6 Rb7 42. h4 Ke5 43. Rh5+ Kf4 44. Kh2 Kg4 45. Re5 Rb2 46. f3+ Kxh4 47. Re4+ Kg5 48. Rd4 Rb7 49. d6 Rd7 50. Kg3 Kf5 51. Kh4 Ke5 52. Rd3 Kf4 53. g3+ Kf5 54. f4 Kf6 55. Kg4 Ke6 56. Kf3 Kf5 57. Rd5+ Ke6 58. Ke4 Kf6 59. Rh5 Rxd6 60. Rh6+ Ke7 61. Rxd6 Kxd6 62. Kf5 Ke7 63. Kg5 Kf7 64. Kh6 Kg8 65. g4 Kh8 66. g5 Kg8 67. g6 Kh8 68. g7+ Kg8 69. f5 1-0

[Event "Gibraltar Masters 13th"]
[Site "Caleta"]
[Date "2015.01.29"]
[Round "3"]
[White "Byron, Alan M"]
[Black "Othman, Mustapha"]
[Result "1-0"]
[WhiteElo "2188"]
[BlackElo "1968"]
[PlyCount "139"]
[EventDate "2015.01.27"]
[EventType "swiss"]
[EventRounds "10"]
[EventCountry "GGB"]
[SourceTitle "CBM 165"]
[Source "ChessBase"]
[SourceDate "2015.03.11"]
[SourceVersion "1"]
[SourceVersionDate "2015.03.11"]
[SourceQuality "1"]

1. d4 Nf6 2. Nf3 g6 3. Nc3 d5 4. Bf4 Bg7 5. Qd2 Ne4 6. Nxe4 dxe4 7. Ne5 c5 8. e3 0-0 9. c3 f6 10. Nc4 b5 11. Na3 cxd4 12. exd4 a6 13. Nc2 e5 14. dxe5 Qxd2+ 15. Bxd2 f5 16. a4 Bb7 17. axb5 axb5 18. Rxa8 Bxa8 19. Bxb5 Bxe5 20. 0-0 f4 21. Ra1 Bc6 22. Bxc6 Nxc6 23. Re1 Rd8 24. Bc1 Rd3 25. Rxe4 Bxc3 26. bxc3 Rxc3 27. Bxf4 Rxc2 28. Bh6 Kf7 29. Bg5 Kg7 30. h4 h6 31. Be3 h5 32. Bg5 Rc5 33. g3 Rf5 34. Be3 Rf7 35. Bc5 Rf5 36. Ba3 Kf7 37. Rc4 Ra5 38. Bb2 Rb5 39. Rf4+ Rf5 40. Rc4 Rb5 41. Bc3 Ne7 42. Kg2 Nd5 43. Bd2 Ke6 44. Bg5 Kf5 45. Rc8 Rb2 46. Rf8+ Ke6 47. Rf3 Ra2 48. Rf8 Rb2 49. Kf3 Rb3+ 50. Ke4 Rb4+ 51. Kd3 Ke5 52. Ra8 Rd4+ 53. Ke2 Nc3+ 54. Kf3 Rd3+ 55. Kg2 Ne4 56. Re8+ Kf5 57. Rf8+ Ke5 58. Bf4+ Ke6 59. Re8+ Kd5 60. Re5+ Kd4 61. Re6 Ra3 62. Rxg6 Ra2 63. Be3+ Ke5 64. Rh6 Kf5 65. Rxh5+ Kg4 66. Rh7 Nxg3 67. Rg7+ Kxh4 68. Rxg3 Re2 69. Kf3 Ra2 70. Rg6 1-0

[Event "Gibraltar Masters 13th"]
[Site "Caleta"]
[Date "2015.01.28"]
[Round "2"]
[White "Othman, Mustapha"]
[Black "Dolzhikova, Olga"]
[Result "1/2-1/2"]
[WhiteElo "1968"]
[BlackElo "2194"]
[PlyCount "114"]
[EventDate "2015.01.27"]
[EventType "swiss"]
[EventRounds "10"]
[EventCountry "GGB"]
[SourceTitle "CBM 165"]
[Source "ChessBase"]
[SourceDate "2015.03.11"]
[SourceVersion "1"]
[SourceVersionDate "2015.03.11"]
[SourceQuality "1"]

1. e4 e5 2. Nf3 Nc6 3. Bc4 Be7 4. 0-0 Nf6 5. Re1 Nxe4 6. Bd5 Nf6 7. Bxc6 dxc6 8. Nxe5 0-0 9. d4 Bd6 10. Qf3 Re8 11. Bg5 c5 12. c3 cxd4 13. cxd4 c5 14. Nd2 cxd4 15. Bxf6 Qxf6 16. Nec4 Rxe1+ 17. Rxe1 Bf8 18. Re8 Qxf3 19. Nxf3 b6 20. Nxd4 Bb7 21. Rxa8 Bxa8 22. Nb5 Bd5 23. b3 Bxc4 24. bxc4 a6 25. Nc7 Bd6 26. Nd5 Bc5 27. g4 Kf8 28. Kg2 Ke8 29. f4 Kd7 30. Kf3 Kc6 31. Ke4 Bg1 32. h4 Kc5 33. Nc7 Kxc4 34. Nxa6 Kc3 35. Kd5 Kd3 36. Nb4+ Ke3 37. Ke5 Kf3 38. Kf5 Be3 39. Nd5 Bd4 40. h5 g6+ 41. hxg6 hxg6+ 42. Kg5 Ke4 43. Ne7 Bc5 44. Ng8 Be3 45. Nf6+ Kd4 46. Nd7 Ke4 47. Kf6 Kxf4 48. g5 Bc5 49. a4 Bd4+ 50. Kxf7 Kxg5 51. Nf8 Kf5 52. Nxg6 Bc5 53. Ne7+ Bxe7 54. Kxe7 Ke5 55. Kd7 Kd5 56. Kc7 Kc5 57. Kb7 Kb4 1/2-1/2

[Event "Gibraltar Challengers-A 13th"]
[Site "Caleta"]
[Date "2015.01.28"]
[Round "3"]
[White "Recklingloh, Frank"]
[Black "Othman, Mustapha"]
[Result "1-0"]
[WhiteElo "2133"]
[BlackElo "1968"]
[PlyCount "63"]
[EventDate "2015.01.26"]
[EventType "swiss"]
[EventRounds "5"]
[EventCountry "GGB"]
[SourceTitle "CBM 164 Extra"]
[Source "ChessBase"]
[SourceDate "2015.03.02"]
[SourceVersion "1"]
[SourceVersionDate "2015.03.02"]
[SourceQuality "1"]

1. e4 c5 2. Nf3 d6 3. d4 cxd4 4. Nxd4 Nf6 5. Nc3 a6 6. Bc4 e6 7. Bb3 Be7 8. g4 0-0 9. g5 Ne8 10. f4 e5 11. Nf5 exf4 12. h4 Nc7 13. Bxf4 Re8 14. 0-0 d5 15. Nxe7+ Qxe7 16. exd5 Qc5+ 17. Kg2 b5 18. Bxc7 Qxc7 19. d6 Bb7+ 20. Kh2 Qc6 21. Bxf7+ Kh8 22. Qd5 Rd8 23. Rad1 Nd7 24. Qxc6 Bxc6 25. Bd5 Rac8 26. Rf2 Ne5 27. Re2 Ng6 28. Bxc6 h6 29. d7 Rb8 30. Re8+ Kh7 31. Rxd8 Rxd8 32. Be4 1-0

[Event "Gibraltar Challengers-A 13th"]
[Site "Caleta"]
[Date "2015.01.27"]
[Round "2"]
[White "Kuhne, Detlev"]
[Black "Othman, Mustapha"]
[Result "1-0"]
[WhiteElo "2131"]
[BlackElo "1968"]
[PlyCount "77"]
[EventDate "2015.01.26"]
[EventType "swiss"]
[EventRounds "5"]
[EventCountry "GGB"]
[SourceTitle "CBM 164 Extra"]
[Source "ChessBase"]
[SourceDate "2015.03.02"]
[SourceVersion "1"]
[SourceVersionDate "2015.03.02"]
[SourceQuality "1"]

1. c4 Nf6 2. g3 d5 3. cxd5 Nxd5 4. Bg2 e5 5. Nf3 Nc6 6. 0-0 e4 7. Ne1 Bf5 8. d3 Qe7 9. Qb3 0-0-0 10. Nc3 Nd4 11. Nxd5 Qc5 12. Qd1 Qxd5 13. Be3 Bc5 14. b4 Bb6 15. a4 a5 16. bxa5 Bxa5 17. Rb1 Qa2 18. Bxd4 Rxd4 19. Rb5 Rd5 20. Rxd5 Qxd5 21. Nc2 Qe5 22. Qb1 c6 23. d4 Qd6 24. Ne3 Be6 25. Qxe4 Rd8 26. d5 Bxd5 27. Nxd5 Qxd5 28. Qxh7 Qe5 29. e3 Kc7 30. h4 Bb6 31. Qc2 Ba5 32. Rb1 Rd6 33. Qb3 b6 34. Qxf7+ Rd7 35. Qc4 Qc3 36. Qxc3 Bxc3 37. Rc1 Ba5 38. Rxc6+ Kd8 39. Re6 1-0

[Event "London Classic op 6th"]
[Site "London"]
[Date "2014.12.14"]
[Round "9"]
[White "Jurgensen, Graham"]
[Black "Othman, Mustapha"]
[Result "1-0"]
[WhiteElo "2070"]
[BlackElo "1973"]
[PlyCount "49"]
[EventDate "2014.12.08"]
[EventType "swiss"]
[EventRounds "9"]
[EventCountry "ENG"]
[SourceTitle "CBM 163 Extra"]
[Source "ChessBase"]
[SourceDate "2014.12.23"]
[SourceVersion "1"]
[SourceVersionDate "2014.12.23"]
[SourceQuality "1"]

1. e4 c5 2. Nf3 e6 3. Nc3 d5 4. exd5 exd5 5. Bb5+ Nc6 6. Ne5 Qd6 7. 0-0 Be6 8. d4 cxd4 9. Qxd4 f6 10. Nf3 Kf7 11. Qa4 g5 12. Bxg5 Bh6 13. Bh4 Bf4 14. Rad1 h5 15. Nxd5 Bxd5 16. Rxd5 Qc7 17. Rfd1 Nge7 18. Rd7 Rad8 19. Bxc6 bxc6 20. Qc4+ Kg7 21. Qe6 Rhe8 22. Bxf6+ Kf8 23. Bxe7+ Kg7 24. Bf8+ Kxf8 25. Qf7# 1-0

[Event "London Classic op 6th"]
[Site "London"]
[Date "2014.12.09"]
[Round "2"]
[White "Othman, Mustapha"]
[Black "Fixmer, Eric"]
[Result "1-0"]
[WhiteElo "1973"]
[BlackElo "1686"]
[PlyCount "94"]
[EventDate "2014.12.08"]
[EventType "swiss"]
[EventRounds "9"]
[EventCountry "ENG"]
[SourceTitle "CBM 163 Extra"]
[Source "ChessBase"]
[SourceDate "2014.12.23"]
[SourceVersion "1"]
[SourceVersionDate "2014.12.23"]
[SourceQuality "1"]

1. Nf3 c5 2. g3 Nf6 3. Bg2 g6 4. d4 cxd4 5. 0-0 Nc6 6. Nxd4 Bg7 7. e4 0-0 8. Be3 d5 9. Nc3 Nxd4 10. Bxd4 dxe4 11. Be5 Bg4 12. Qxd8 Raxd8 13. Nxe4 Nxe4 14. Bxg7 Kxg7 15. Bxe4 Rd2 16. f3 Be6 17. Rf2 Rfd8 18. Bd3 Rxf2 19. Kxf2 Kf6 20. Ke3 Rd5 21. c4 Rh5 22. Rh1 Re5+ 23. Kd4 Bf5 24. Be4 Bxe4 25. fxe4 Ke6 26. Rc1 f5 27. exf5+ gxf5 28. Rc2 b6 29. b4 Re4+ 30. Kd3 Kd6 31. Rf2 e6 32. Rf4 Re1 33. Rd4+ Kc6 34. Rh4 Ra1 35. Rxh7 Rxa2 36. Kd4 a5 37. b5+ Kd6 38. Rb7 e5+ 39. Kc3 e4 40. Kd4 Rd2+ 41. Ke3 Rd3+ 42. Ke2 Kc5 43. Rc7+ Kb4 44. Rc6 a4 45. Rxb6 Kxc4 46. Rb8 a3 47. b6 a2 1-0

[Event "Sunningdale e2e4 U2050 op 05"]
[Site "Sunningdale"]
[Date "2014.05.26"]
[Round "6"]
[White "Othman, Mustapha"]
[Black "Shaw, Meyrick"]
[Result "0-1"]
[WhiteElo "1956"]
[BlackElo "1914"]
[PlyCount "80"]
[EventDate "2014.05.23"]
[EventType "swiss"]
[EventRounds "7"]
[EventCountry "ENG"]
[SourceTitle "EXT 2015"]
[Source "ChessBase"]
[SourceDate "2014.11.20"]
[SourceVersion "1"]
[SourceVersionDate "2014.11.20"]
[SourceQuality "1"]

1. e4 e5 2. Nf3 Nc6 3. Bc4 Be7 4. 0-0 Nf6 5. d4 d6 6. dxe5 Nxe5 7. Nxe5 dxe5 8. Qxd8+ Bxd8 9. Nc3 0-0 10. f4 c6 11. Kh1 Bb6 12. Na4 Bc7 13. Nc5 b6 14. fxe5 Bxe5 15. Nd3 Bc7 16. e5 Nd5 17. Bg5 h6 18. Bd2 Bg4 19. h3 Be6 20. Ba6 Rad8 21. b4 Ne7 22. Bc3 Nf5 23. Rfe1 Nd4 24. Re4 Nxc2 25. Rf1 b5 26. Nc5 Bc4 27. Rh4 Ne3 28. Rg1 Bxa2 29. Re4 Nd1 30. Bd4 Rxd4 31. Rxd4 Nf2+ 32. Kh2 Bxe5+ 33. g3 Bxd4 34. Rc1 Re8 35. Rc2 Bd5 36. g4 Re1 37. Kg3 Nh1+ 38. Kh4 Bf2+ 39. Kh5 Ng3+ 40. Kh4 Nf5+ 0-1

[Event "Sunningdale e2e4 op 04"]
[Site "Ascot"]
[Date "2014.04.21"]
[Round "8"]
[White "Dilleigh, Stephen P"]
[Black "Othman, Mustapha"]
[Result "1/2-1/2"]
[WhiteElo "2136"]
[BlackElo "1912"]
[PlyCount "61"]
[EventDate "2014.04.17"]
[EventType "swiss"]
[EventRounds "9"]
[EventCountry "ENG"]
[SourceTitle "CBM 159 Extra"]
[Source "ChessBase"]
[SourceDate "2014.04.24"]
[SourceVersion "1"]
[SourceVersionDate "2014.04.24"]
[SourceQuality "1"]

1. d4 d5 2. c4 e6 3. Nc3 Nf6 4. cxd5 exd5 5. Bg5 Be7 6. e3 0-0 7. Bd3 Nbd7 8. Qc2 h6 9. Bf4 c5 10. Nge2 a6 11. 0-0 b5 12. dxc5 Nxc5 13. Nd4 Bd6 14. Bxd6 Qxd6 15. Rac1 Ng4 16. Nf3 Nxd3 17. Qxd3 Be6 18. h3 Ne5 19. Nxe5 Qxe5 20. Qd4 Qxd4 21. exd4 Rac8 22. Ne2 Bf5 23. Rxc8 Rxc8 24. Rc1 Rc4 25. b3 Rxc1+ 26. Nxc1 b4 27. Kf1 Bb1 28. Ke2 a5 29. Kd2 g5 30. Nd3 Bxd3 31. Kxd3 1/2-1/2

[Event "Sunningdale e2e4 op 04"]
[Site "Ascot"]
[Date "2014.04.20"]
[Round "7"]
[White "Othman, Mustapha"]
[Black "Bennett, Dominic"]
[Result "1-0"]
[WhiteElo "1912"]
[BlackElo "1980"]
[PlyCount "104"]
[EventDate "2014.04.17"]
[EventType "swiss"]
[EventRounds "9"]
[EventCountry "ENG"]
[SourceTitle "CBM 159 Extra"]
[Source "ChessBase"]
[SourceDate "2014.04.24"]
[SourceVersion "1"]
[SourceVersionDate "2014.04.24"]
[SourceQuality "1"]

1. e4 c5 2. Nf3 e6 3. d4 cxd4 4. Nxd4 a6 5. Bd3 d6 6. 0-0 Nf6 7. Nc3 Nbd7 8. a4 Nc5 9. a5 Be7 10. Kh1 0-0 11. f4 e5 12. Nb3 Nxd3 13. Qxd3 Qc7 14. Be3 Be6 15. Nd2 exf4 16. Bxf4 Rac8 17. Be3 Nd7 18. Bd4 Ne5 19. Qg3 Qd8 20. Nf3 Ng6 21. Bb6 Qe8 22. Rad1 Bf6 23. Qxd6 Bxc3 24. bxc3 Qa4 25. Nd4 Bg4 26. Rd3 Qe8 27. h3 Bd7 28. Nf5 Bb5 29. Nxg7 Qe5 30. Nf5 Qxd6 31. Nxd6 Bxd3 32. cxd3 Rxc3 33. d4 Ne7 34. Nxb7 Nc8 35. Bc5 Re8 36. e5 Rd3 37. Rf3 Rxf3 38. gxf3 Ne7 39. Bxe7 Rxe7 40. Nc5 Kf8 41. Kg1 Ke8 42. f4 Ra7 43. Kf2 Ra8 44. Ke3 Kd8 45. d5 Rb8 46. Kd3 Rb5 47. Kc4 Ke8 48. d6 Rb1 49. f5 Rf1 50. e6 Rxf5 51. d7+ Ke7 52. Nb7 Rf4+ 1-0

[Event "Sunningdale e2e4 op 04"]
[Site "Ascot"]
[Date "2014.04.20"]
[Round "6"]
[White "Seymour, Timothy P"]
[Black "Othman, Mustapha"]
[Result "1-0"]
[WhiteElo "2079"]
[BlackElo "1912"]
[PlyCount "93"]
[EventDate "2014.04.17"]
[EventType "swiss"]
[EventRounds "9"]
[EventCountry "ENG"]
[SourceTitle "CBM 159 Extra"]
[Source "ChessBase"]
[SourceDate "2014.04.24"]
[SourceVersion "1"]
[SourceVersionDate "2014.04.24"]
[SourceQuality "1"]

1. e4 c5 2. c3 d5 3. exd5 Qxd5 4. d4 Nf6 5. Nf3 e6 6. Na3 Be7 7. Nb5 Na6 8. Be2 0-0 9. 0-0 cxd4 10. Qxd4 b6 11. Bf4 Bc5 12. Qa4 Bb7 13. Rad1 Qe4 14. Qxe4 Nxe4 15. b4 g5 16. Nxg5 Be7 17. Nxe4 Bxe4 18. Nd6 Bxd6 19. Bxd6 Nb8 20. Bxf8 Kxf8 21. Rd8+ Ke7 22. Rfd1 Bd5 23. Rh8 Nd7 24. Rxa8 Bxa8 25. Rd3 Bd5 26. c4 Be4 27. Re3 Bb7 28. Rh3 Nf6 29. Bd3 h5 30. Be2 Be4 31. Bxh5 Bf5 32. Rh4 Bb1 33. Be2 Bxa2 34. Rh3 a5 35. bxa5 bxa5 36. Ra3 Bb1 37. Bd3 Bxd3 38. Rxd3 Ne4 39. Ra3 Nd2 40. c5 Nc4 41. Ra4 Ne5 42. Rxa5 Nc6 43. Rb5 e5 44. Rb7+ Ke6 45. Rb6 Kd5 46. Rxc6 Kxc6 47. h4 1-0

[Event "Sunningdale e2e4 op 04"]
[Site "Ascot"]
[Date "2014.04.17"]
[Round "1"]
[White "Othman, Mustapha"]
[Black "Rudd, Jack"]
[Result "1-0"]
[WhiteElo "1912"]
[BlackElo "2218"]
[PlyCount "55"]
[EventDate "2014.04.17"]
[EventType "swiss"]
[EventRounds "9"]
[EventCountry "ENG"]
[SourceTitle "CBM 159 Extra"]
[Source "ChessBase"]
[SourceDate "2014.04.24"]
[SourceVersion "1"]
[SourceVersionDate "2014.04.24"]
[SourceQuality "1"]

1. e4 c5 2. Nf3 d6 3. d4 cxd4 4. Nxd4 Nf6 5. Nc3 a6 6. a4 g6 7. Be2 Bg7 8. 0-0 0-0 9. f4 Nc6 10. Nb3 Bd7 11. Bf3 Rc8 12. Be3 Na5 13. e5 Ne8 14. Nxa5 Qxa5 15. Nd5 Rc5 16. b4 Rxd5 17. bxa5 Rxd1 18. Rfxd1 Bc8 19. Rab1 dxe5 20. fxe5 Bxe5 21. Bh6 Ng7 22. Bxb7 Bf5 23. Rb6 Bxc2 24. Rd5 f6 25. Rxa6 Bxa4 26. Ra8 Rxa8 27. Bxa8 Nf5 28. Rxe5 1-0

[Event "High Wycombe e2e4 Challengers op 03"]
[Site "High Wycombe"]
[Date "2014.03.15"]
[Round "2"]
[White "Othman, Mustapha"]
[Black "Bullen, Alex"]
[Result "0-1"]
[WhiteElo "1903"]
[BlackElo "2024"]
[PlyCount "76"]
[EventDate "2014.03.14"]
[EventType "swiss"]
[EventRounds "5"]
[EventCountry "ENG"]
[SourceTitle "EXT 2015"]
[Source "ChessBase"]
[SourceDate "2014.11.20"]
[SourceVersion "1"]
[SourceVersionDate "2014.11.20"]
[SourceQuality "1"]

1. e4 c5 2. Nf3 e6 3. d4 cxd4 4. Nxd4 Nf6 5. Bd3 Nc6 6. Nb3 d5 7. exd5 Qxd5 8. 0-0 Be7 9. Nc3 Qd8 10. Bg5 0-0 11. Qe2 Nd5 12. Bxe7 Ncxe7 13. Rad1 Bd7 14. Nc5 Bc6 15. Rfe1 Qc7 16. N3e4 Nf4 17. Qe3 Nf5 18. Qf3 Rad8 19. g3 Nxd3 20. cxd3 Nd4 21. Qh5 Rd5 22. Qh3 Nf3+ 23. Kf1 Nxe1 24. Rxe1 Bb5 25. Kg1 Rxc5 26. Nxc5 Qxc5 27. Re3 Qc1+ 28. Kg2 Bc6+ 29. Re4 Bxe4+ 30. dxe4 Qxb2 31. Qh5 Qxa2 32. g4 Rc8 33. Qg5 h6 34. Qe7 Rc2 35. g5 Rxf2+ 36. Kg3 Rg2+ 37. Kf4 hxg5+ 38. Ke3 Qd2+ 0-1

[Event "Gibraltar Masters 12th"]
[Site "Caleta"]
[Date "2014.02.06"]
[Round "10"]
[White "Edakina, Anastasia"]
[Black "Othman, Mustapha"]
[Result "1/2-1/2"]
[WhiteElo "1756"]
[BlackElo "1905"]
[PlyCount "90"]
[EventDate "2014.01.28"]
[EventType "swiss"]
[EventRounds "10"]
[EventCountry "GGB"]
[SourceTitle "CBM 159"]
[Source "ChessBase"]
[SourceDate "2014.03.17"]
[SourceVersion "1"]
[SourceVersionDate "2014.03.17"]
[SourceQuality "1"]

1. e4 c5 2. Nf3 d6 3. d4 cxd4 4. Nxd4 Nf6 5. Nc3 a6 6. Be2 e5 7. Nb3 Be6 8. 0-0 Be7 9. Be3 0-0 10. f3 Nc6 11. Qd2 d5 12. exd5 Nxd5 13. Nxd5 Qxd5 14. Qxd5 Bxd5 15. Bc5 Bxc5+ 16. Nxc5 Nd4 17. Bd3 Rfd8 18. c3 Ne6 19. Nxe6 Bxe6 20. Rfd1 Rd7 21. Kf2 Rad8 22. Ke2 Rxd3 23. Rxd3 Bc4 24. Rad1 f5 25. Ke3 Rxd3+ 26. Rxd3 Bxd3 27. Kxd3 Kf7 28. c4 a5 29. b3 Ke6 30. a3 Kd6 31. b4 axb4 32. axb4 Kc6 33. Kc3 b6 34. Kd3 Kd6 35. Kc3 g5 36. g4 e4 37. fxe4 fxg4 38. Kd4 h5 39. c5+ bxc5+ 40. bxc5+ Ke6 41. Ke3 h4 42. Kf2 Ke5 43. Kg2 Ke6 44. Kf2 Ke5 45. Kg2 Ke6 1/2-1/2

[Event "Gibraltar Challengers-B 12th"]
[Site "Caleta"]
[Date "2014.02.04"]
[Round "4"]
[White "Othman, Mustapha"]
[Black "Mihajlov, Svetoslav"]
[Result "0-1"]
[WhiteElo "1897"]
[BlackElo "2127"]
[PlyCount "66"]
[EventDate "2014.02.01"]
[EventType "swiss"]
[EventRounds "5"]
[EventCountry "GGB"]
[SourceTitle "CBM 158 Extra"]
[Source "ChessBase"]
[SourceDate "2014.02.28"]
[SourceVersion "1"]
[SourceVersionDate "2014.02.28"]
[SourceQuality "1"]

1. e4 c5 2. Nf3 Nc6 3. d4 cxd4 4. Nxd4 e6 5. Nc3 Qc7 6. Ndb5 Qb8 7. a4 a6 8. Nd4 Nf6 9. Be3 Bb4 10. Bd3 d5 11. 0-0 Bxc3 12. bxc3 dxe4 13. Nxc6 bxc6 14. Bc4 0-0 15. Rb1 Qe5 16. Rb6 Qc7 17. Rb1 c5 18. f4 Bb7 19. f5 Bd5 20. Be2 Rfd8 21. Qe1 Nd7 22. f6 gxf6 23. Bf4 e5 24. Bh6 Kh8 25. Qh4 Rg8 26. Rbd1 Qc6 27. c4 Be6 28. Rxd7 Bxd7 29. Rxf6 Be6 30. Bh5 Qd7 31. Rf2 Qd8 32. Qxe4 Qd4 33. Qb7 Rab8 0-1

[Event "Gibraltar Challengers-A 12th"]
[Site "Caleta"]
[Date "2014.01.31"]
[Round "5"]
[White "Othman, Mustapha"]
[Black "Bucknell, Malcolm Gordon"]
[Result "0-1"]
[WhiteElo "1905"]
[BlackElo "1947"]
[PlyCount "74"]
[EventDate "2014.01.27"]
[EventType "swiss"]
[EventRounds "5"]
[EventCountry "GGB"]
[SourceTitle "CBM 158 Extra"]
[Source "ChessBase"]
[SourceDate "2014.02.28"]
[SourceVersion "1"]
[SourceVersionDate "2014.02.28"]
[SourceQuality "1"]

1. e4 c6 2. d4 d5 3. Nc3 dxe4 4. Nxe4 Bf5 5. Ng3 Bg6 6. h4 h6 7. Nf3 e6 8. h5 Bh7 9. Bd3 Bxd3 10. Qxd3 Nf6 11. Bf4 Qa5+ 12. c3 Nbd7 13. b4 Qb6 14. Nd2 Nd5 15. Be5 Nxe5 16. dxe5 Qc7 17. Qd4 Rd8 18. Rb1 b5 19. Nde4 Nf4 20. Nf6+ gxf6 21. Qxf4 Qxe5+ 22. Qxe5 fxe5 23. Ke2 f5 24. Rb3 Rh7 25. Ra3 Rhd7 26. Nf1 c5 27. Ra6 Kf7 28. Ra5 Rb7 29. a3 e4 30. Rh3 Bg7 31. Nd2 c4 32. a4 Rbd7 33. Nf1 bxa4 34. Rxa4 f4 35. Ra6 Rd3 36. Rxa7+ Kf8 37. Rh4 f3+ 0-1

[Event "Gibraltar Masters 12th"]
[Site "Caleta"]
[Date "2014.01.30"]
[Round "3"]
[White "Al Tamimi, Hamad"]
[Black "Othman, Mustapha"]
[Result "1/2-1/2"]
[WhiteElo "2211"]
[BlackElo "1905"]
[PlyCount "92"]
[EventDate "2014.01.28"]
[EventType "swiss"]
[EventRounds "10"]
[EventCountry "GGB"]
[SourceTitle "CBM 159"]
[Source "ChessBase"]
[SourceDate "2014.03.17"]
[SourceVersion "1"]
[SourceVersionDate "2014.03.17"]
[SourceQuality "1"]

1. e4 c5 2. Nf3 d6 3. Bb5+ Bd7 4. Bxd7+ Nxd7 5. 0-0 Ngf6 6. Qe2 e6 7. c3 Ne5 8. d4 Nxf3+ 9. Qxf3 d5 10. e5 Ne4 11. Qe2 h6 12. f3 Ng5 13. Be3 cxd4 14. Bxd4 Be7 15. Nd2 0-0 16. f4 Nh7 17. g4 b6 18. Kh1 Bc5 19. Nf3 Re8 20. b4 Bxd4 21. Nxd4 f6 22. Rae1 fxe5 23. Qxe5 Nf8 24. Re3 Kh7 25. f5 exf5 26. Qxf5+ Kh8 27. Rh3 Nh7 28. Ne6 Qe7 29. Nf4 Qe4+ 30. Kg1 Qxf5 31. gxf5 Nf6 32. Rd1 Red8 33. Rhd3 Rac8 34. a4 Rc4 35. Nxd5 Rxd5 36. Rxd5 Nxd5 37. Rxd5 Rxc3 38. Rd8+ Kh7 39. Rd7 Rc4 40. f6 Rg4+ 41. Kh1 a5 42. bxa5 bxa5 43. Ra7 Rxa4 44. Rxg7+ Kh8 45. Ra7 Rf4 46. Rxa5 Rxf6 1/2-1/2

[Event "Gibraltar Masters 12th"]
[Site "Caleta"]
[Date "2014.01.29"]
[Round "2"]
[White "Kaczmarczyk, Dennis"]
[Black "Othman, Mustapha"]
[Result "1-0"]
[WhiteElo "2358"]
[BlackElo "1905"]
[PlyCount "129"]
[EventDate "2014.01.28"]
[EventType "swiss"]
[EventRounds "10"]
[EventCountry "GGB"]
[SourceTitle "CBM 159"]
[Source "ChessBase"]
[SourceDate "2014.03.17"]
[SourceVersion "1"]
[SourceVersionDate "2014.03.17"]
[SourceQuality "1"]

1. d4 Nf6 2. c4 g6 3. Nc3 d5 4. cxd5 Nxd5 5. e4 Nxc3 6. bxc3 Bg7 7. Nf3 c5 8. Be3 Nc6 9. Rc1 0-0 10. d5 Ne5 11. Nxe5 Bxe5 12. f4 Bg7 13. Qd2 b6 14. Bc4 Bb7 15. 0-0 Qd7 16. Rb1 Rad8 17. Rfd1 Qa4 18. Qd3 e6 19. Bxc5 bxc5 20. Rxb7 exd5 21. Bxd5 Kh8 22. Rdb1 Qxa2 23. Bxa2 Rxd3 24. e5 Rfd8 25. Bxf7 Rxc3 26. e6 Bf6 27. e7 Bxe7 28. Rxe7 a5 29. Bd5 Rd3 30. Be4 Rd1+ 31. Rxd1 Rxd1+ 32. Kf2 a4 33. Ra7 Ra1 34. Ke3 Ra3+ 35. Kd2 Ra2+ 36. Kc3 Rf2 37. Bf3 h5 38. Rxa4 h4 39. h3 Rf1 40. Rc4 Kg7 41. Rxc5 Kf6 42. Kd4 Re1 43. Be4 Kg7 44. Rg5 Kh6 45. Rxg6+ Kh5 46. Rg5+ Kh6 47. Bf3 Re7 48. Rh5+ Kg6 49. Rxh4 Kf5 50. g3 Re1 51. Rh5+ Kg6 52. Re5 Rg1 53. g4 Rg3 54. Be4+ Kh6 55. g5+ Kg7 56. h4 Rg4 57. f5 Rxh4 58. f6+ Kf7 59. Re7+ Kf8 60. g6 Rg4 61. g7+ Kg8 62. Re8+ Kf7 63. Rf8+ Ke6 64. g8Q+ Kd6 65. Qd5+ 1-0

[Event "Gibraltar Challengers-A 12th"]
[Site "Caleta"]
[Date "2014.01.28"]
[Round "2"]
[White "Ungureanu, Sandu"]
[Black "Othman, Mustapha"]
[Result "1-0"]
[WhiteElo "2014"]
[BlackElo "1905"]
[PlyCount "149"]
[EventDate "2014.01.27"]
[EventType "swiss"]
[EventRounds "5"]
[EventCountry "GGB"]
[SourceTitle "CBM 158 Extra"]
[Source "ChessBase"]
[SourceDate "2014.02.28"]
[SourceVersion "1"]
[SourceVersionDate "2014.02.28"]
[SourceQuality "1"]

1. g3 Nf6 2. c4 e6 3. Bg2 d5 4. cxd5 exd5 5. Nf3 Bd6 6. 0-0 0-0 7. d4 Re8 8. Bg5 h6 9. Bxf6 Qxf6 10. Nc3 c6 11. Qb3 Nd7 12. Rfe1 Qd8 13. e4 dxe4 14. Rxe4 Nf6 15. Rxe8+ Qxe8 16. Re1 Qd7 17. a3 Qc7 18. Nh4 Bg4 19. d5 g5 20. dxc6 gxh4 21. cxb7 Re8 22. Rxe8+ Nxe8 23. Qa4 Bd7 24. Qxh4 Qb6 25. Qxh6 Qd4 26. Be4 Nf6 27. Bf3 Qe5 28. Qe3 Qxe3 29. fxe3 Bh3 30. b4 Be5 31. Nb5 a6 32. Nd4 Nd7 33. Nc6 Bc7 34. Be2 Nb8 35. Nxb8 Bxb8 36. Bxa6 Bd7 37. Bf1 Ba4 38. Bg2 Kg7 39. Kf2 Kg6 40. h4 f5 41. Bd5 Kh5 42. Bf3+ Kg6 43. e4 f4 44. g4 Be5 45. Be2 Bc6 46. Kf3 Bxb7 47. a4 Kf6 48. a5 Bc7 49. Bc4 Ke5 50. Bd5 Ba6 51. g5 Bd6 52. h5 Bxb4 53. h6 Bf8 54. Bc6 Bc8 55. Bb5 Bb7 56. Bd3 Ba8 57. a6 Kd4 58. Bc2 Ke5 59. a7 Bc6 60. Kg4 Ba8 61. Bd3 Bc6 62. Kh5 f3 63. g6 Kf6 64. g7 Bxg7 65. hxg7 Kxg7 66. Kg4 f2 67. Kf3 Kf6 68. Kxf2 Ke5 69. Ke3 Ba8 70. Be2 Bc6 71. Bf3 Bb7 72. Bg2 Bc6 73. Kd3 Bb7 74. Kc4 Kd6 75. e5+ 1-0